| 000 | 01201nmc a2200409 a 4500 | ||
|---|---|---|---|
| 003 | AR-BaBNM | ||
| 005 | 20251128204854.0 | ||
| 008 | 246019s1996 ||||||||||||||000 | spa|| | ||
| 020 | _a950-843-135-0 | ||
| 040 | _cAR-BaBNM | ||
| 245 | 1 | 0 |
_aPoesía argentina de fin de siglo _n1 |
| 260 |
_aBuenos Aires _bVinciguerra _c1996 |
||
| 300 | 0 | _a187 p. | |
| 490 | 0 | _aColección Metáfora | |
| 500 | 0 | _aContiene índice completo de los autores en p. 9 | |
| 500 | 0 | _aIndice de las obras | |
| 500 | 0 | _aNotas biobliográficas | |
| 500 | 1 | _aLa presente obra viene acompañada por un estudio preliminar a cargo de Cristina Piña, inventario 098798 | |
| 650 | 4 | _aLITERATURA ARGENTINA | |
| 650 | 4 | _aLITERATURA MODERNA | |
| 650 | 4 | _aPOESIA | |
| 650 | 4 | _aOBRAS LITERARIAS | |
| 650 | 4 | _aCONDICIONES CULTURALES | |
| 650 | 4 | _aREALISMO | |
| 653 | 0 | _aVANGUARDIAS LITERARIAS | |
| 655 | _aLITERATURA | ||
| 700 | 1 |
_aVinciguerra, Lidia _ecompilador |
|
| 700 | 1 | _aAcevedo, Hugo | |
| 700 | 1 | _aArmani, Horacio | |
| 700 | 1 | _aJitrik, Noé | |
| 700 | 1 | _aOrozco, Olga | |
| 700 | 1 | _aCartossio, Emma de | |
| 700 | 1 | _aGranata, María | |
| 700 | 1 | _aYánover, Héctor | |
| 942 | _cBK | ||
| 998 | _cisola | ||
| 999 |
_c9133 _d9133 |
||